000 00820nam a2200277 a 4500
001 8571
003 BD-RjUL
005 20211208234619.0
008 140119r19601958nyua 001 0 eng d
035 _a(BD-RjUL)8616
040 _aNLM
_cNLM
_dWSU
_dCRD
_dBD-RjUL
_beng
041 _aeng
060 0 _aQA 276
_bF841s 1958
082 0 0 _223
_a519.5
_bFRS 1960
100 1 0 _aFraser, D. A. S.
_924635
245 1 0 _aStatistics :
_ban introduction /
_cby D. A. S. Fraser
260 _aNew York :
_bWiley,
_cc1958 [reprinted 1960].
300 _aix, 398 p. :
_bill.,
_c24
490 1 _aWiley publications in statistics.
500 _aIncludes index.
650 2 _aStatistics as Topic.
_926690
650 0 _aStatistics.
_926691
830 0 _aWiley publications in statistics.
_9155372
942 _2ddc
_cBK
999 _c8571
_d8571